International Trade New Patterns of Made, Production and Investment. (Record no. 2430)

MARC details
000 -LEADER
fixed length control field 00439nam a22001697a 4500
005 - DATE AND TIME OF LATEST TRANSACTION
control field 20180305105658.0
008 - FIXED-LENGTH DATA ELEMENTS--GENERAL INFORMATION
fixed length control field 160611b xxu||||| |||| 00| 0 eng d
020 ## - INTERNATIONAL STANDARD BOOK NUMBER
ISBN 9780415156271
041 ## - LANGUAGE CODE
Language code of text/sound track or separate title eng
082 ## - DEWEY DECIMAL CLASSIFICATION NUMBER
Item number 6989
Classification number 332
100 ## - MAIN ENTRY--AUTHOR NAME
Personal name Grimwade, Nigel.
245 ## - TITLE STATEMENT
Title International Trade New Patterns of Made, Production and Investment.
260 ## - PUBLICATION, DISTRIBUTION, ETC. (IMPRINT)
Name of publisher Routledge London
300 ## - PHYSICAL DESCRIPTION
Number of Pages 389
650 ## - SUBJECT ADDED ENTRY--TOPICAL TERM
Topical Term Management
942 ## - ADDED ENTRY ELEMENTS (KOHA)
Koha item type Books
Holdings
Lost status Damaged status Collection code Home library Current library Shelving location Date acquired Cost, normal purchase price Full call number Accession Number Koha item type
    MANAGEMENT JRU Library JRU Library SHELF-71-C 11/06/2016 600.00 332 6989 Books
    MANAGEMENT JRU Library JRU Library SHELF-71-C 11/06/2016 600.00 332 6990 Books
    MANAGEMENT JRU Library JRU Library SHELF-71-C 11/06/2016 600.00 332 6991 Books
    MANAGEMENT JRU Library JRU Library SHELF-71-C 11/06/2016 600.00 332 6992 Books
    MANAGEMENT JRU Library JRU Library SHELF-71-C 11/06/2016 600.00 332 6993 Books
    MANAGEMENT JRU Library JRU Library SHELF-71-C 11/06/2016 600.00 332 6994 Books
      JRU Library   SHELF-30-J 11/06/2016 600.00 332 6995 Books